000 00461nam a22001217a 4500
999 _c9894
_d9894
003 OSt
008 201203b ||||| |||| 00| 0 eng d
245 _aJournal of Strategic Human Resource Management
250 _a2014(Feb Vol.3 No.1, Jun Vol.3 No.2, Oct Vol.3 No.3) 2015(Feb Vol.4 No.1, Jun Vol.4 No.2, Oct Vol.4 No.3) 2016(Feb Vol.5 No.1, Jun Vol.5 No.2, Oct Vol.5 No.3)
260 _bPublishing India Group
_aNew Delhi
650 _aManagement
942 _2ddc
_cBV